Music Quiz

Random Music or Album Quiz

Green Day Albums Quiz Stats

 Plays Quiz not verified by Sporcle

Also try: Numbers in Music
Challenge
Share
Tweet
Embed
Score 0/12 Timer 02:00
0 Plays Today
Album % Correct
Dookie
93.1%
American Idiot
93.1%
Nimrod
82.8%
Kerplunk
79.3%
Warning
72.4%
Insomniac
69%
1039|Smoothed Out Slappy Hours
51.7%
Slappy
51.7%
Slappy
24.1%
1000 Hours
24.1%
39|Smoothmooth
13.8%
21 Century Breakdown
6.9%

You're not logged in!

Compare scores with friends on all Sporcle quizzes.
OR
Log In

You Might Also Like...

Show Comments

Extras

Created Apr 24, 2011ReportNominate
Tags:Album Quiz, green

Top Quizzes Today


Score Distribution

Your Account Isn't Verified!

In order to create a playlist on Sporcle, you need to verify the email address you used during registration. Go to your Sporcle Settings to finish the process.

Report this User

Report this user for behavior that violates our Community Guidelines.

Details: